Statistics for Three Groups of 7 Quiz

Click here to take the quiz!

General Stats

  • This quiz has been taken 7,418 times
    (7,409 since last reset)
  • The average score is 20 of 21

Answer Stats

Answer% Correct
Friday
99%
Monday
99%
Saturday
99%
Sunday
99%
Thursday
99%
Tuesday
99%
Wednesday
99%
United States
98%
China
97%
12
96%
15
96%
18
96%
21
96%
3
96%
6
96%
9
96%
Germany
89%
India
89%
Japan
89%
Russia
88%
Indonesia
59%

Score Distribution

Percentile by Number Answered

Percent of People with Each Score

Your Score History

You have not taken this quiz since the last reset